000 00697nab a2200193 4500
001 244442
003 OSt
005 20230815091721.0
007 tu
008 200917s2020|||||||
040 _aDE-2950
_cDE-2950
245 0 0 _aGewinn für die Stadt ist sechsstellig
_bFinanzen. In Frankfurt werfen Menschen täglich Geld in die weit über hundert Spielautomaten. Dank Vergnügungssteuer profitiert auch die Kommune vom Glücksspiel/
_cSelim Pekel, Philipp Stepputtis
264 _c2023
653 _aFrankfurt (Oder)
653 _aSpielautomaten
653 _aVergnügungssteuer
773 0 _g34. Jahrgang (2023) Nr. 186 vom 11.08.2023, S. 15, mit Foto
_tMärkische Oderzeitung
942 _2z
_cA
999 _c372679
_d372679